Les pays vainqueurs de la Seconde Guerre Mondiale en 1 minute - Statistiques

Statistiques générales
  • Ce quiz a été pris 50 fois
    32 depuis la dernière actualisation
  • Le résultat moyen est 11 sur 25
Statistiques - réponses
Réponse % Correct
France
100%
États-Unis
96%
Royaume-Uni
96%
URSS
92%
Belgique
76%
Chine
76%
Pays bas
72%
Norvège
60%
Canada
52%
Australie
48%
Luxembourg
48%
Danemark
44%
Grèce
40%
Pologne
32%
Yougoslavie
32%
Turquie
24%
Afrique du Sud
20%
Nouvelle-Zélande
20%
Philippines
12%
Mongolie
8%
Tchécoslovaquie
8%
Éthiopie
0%
Indes néerlandaises
0%
Malaisie britannique
0%
Raj Britannique
0%
Aucun quiz correspondant
Distribution des résultats
% des personnes avec chaque résultat
Percentile par nombre de réponses
Votre historique - résultats
Vous n’avez pas pris ce quiz depuis la dernière actualisation